000 01077cam a22002891i 4500
003 SA-RiAUC
005 20240917124808.0
008 240912s1982 su g 000 0cara c
040 _aOM-MuSQU
_bara
_cSA-RiAUC
_erda
050 4 _b. A22 1982
082 0 4 _a928
_qSA-RiAUC
090 _a928 ع ب ا
_bع ب ا
100 1 _aالعباسي، عبد الله عبد الوهاب،
_d1353 هجري-
_eمؤلف.
245 1 0 _aنقاد من الغرب /
_cعبد الله عبد الوهاب العباسي.
250 _aالطبعة الأولى.
264 1 _aجدة، السعودية :
_bتهامة،
_c1983
300 _a97 صفحة ؛
_c24 سم.
336 _aنص
_btxt
_2rdacontent
_3كتاب
337 _aبدون وسيط
_bn
_2rdamedia
338 _aمجلد
_bnc
_2rdacarrier
490 1 _aالكتاب العربي السعودي ؛
_v70
590 _aحمود.
650 7 _aالأدباء الغربيون
_vتراجم
_2aucsh
830 2 _aالكتاب العربي السعودي
_v70
942 _2ddc
_cBOOK
949 _aSA-JeALM
_d240912
_umohamedma123
_n1
999 _c278
_d278